000 00740cab a2200265 4500
001 ABS44449
008 090401t1991 xxu||||| |||| 00| 0 eng d
035 _a(Sirsi) u47169
041 _aeng
110 _aErnst and Young
_93056
245 _aTumbling walls
260 _c1991
350 _a0
490 _aReal Estate Journal
_vSpring 1991, 14-19(6)
520 _aAssesses the European property market and its opportunities for US investors as they look to take advantage of the single market .
650 _aFOREIGN INVESTMENT
650 _aINVESTMENT
650 _aINWARD INVESTMENTS
650 _aJAPAN
650 _aPENSION FUNDS
650 _aUSA
690 _aOVERSEAS-EUROPE
942 _n0
948 _c04/03/1997
999 _c29752
_d29752